000 00918nam a22002417a 4500
005 20250618144236.0
008 250618b |||||||| |||| 00| 0 eng d
020 _a978-81-8299-589-5 (hbk)
037 _cTB
040 _aAL
_cAL
041 _2pun
_apun
084 _aO153,3NSIx R4
_qAL
100 _aਸਿੰਘ, ਗੁਰਪਾਲ
_9813099
245 _aਕਿਨੈ ਸਾਰੇ ਡੈਡੀ
260 _aਦਿੱਲੀ, ਭਾਰਤ:
_bਆਰਸੀ ਪਬਲਿਸ਼ਰ,
_c2024
300 _a471p.
365 _b750.00
_cINR
650 _aਪੰਜਾਬੀ ਸਾਹਿਤ
650 _aਪੰਜਾਬੀ ਕਹਾਣੀ
700 _aਭੁੱਲਰ, ਗੁਰਬਚਨ ਸਿੰਘ
_bਸਮਪਾਦਕ
_9813100
942 _2CC
_cTB
_hO153,3NSIx R4
_n0
999 _c1431850
_d1431850